Sports Quiz

Random Sports or Border Quiz

Big 4 Border Blitz Quiz Stats

 Plays Quiz not verified by Sporcle

Support Sporcle.
Go Orange.
Score 0/122 Timer 01:00
0 Plays Today
% Correct
76ers
98.9%
Bills
98.9%
Eagles
98.9%
Flyers
98.9%
Giants
98.9%
Islanders
98.9%
Jets
98.9%
Knicks
98.9%
Mets
98.9%
Nets
98.9%
Penguins
98.9%
Phillies
98.9%
Pirates
98.9%
Rangers
98.9%
Sabres
98.9%
Steelers
98.9%
Yankees
98.9%
Blue Jays
97.8%
Devils
97.8%
Maple Leafs
97.8%
Raptors
97.8%
Bruins
97.6%
Diamondbacks
97.6%
Coyotes
97.6%
Celtics
97.6%
Cardinals
97.6%
Patriots
97.6%
Red Sox
97.6%
Suns
97.6%
49ers
97%
Angels
97%
Chargers
97%
Dodgers
97%
Ducks
97%
Giants
97%
Clippers
97%
Kings
97%
Kings
97%
Lakers
97%
Padres
97%
Raiders
97%
% Correct
Sharks
97%
Warriors
97%
Athletics
96.8%
Canadiens
96.8%
Senators
96.8%
Thunder
95.7%
Trail Blazers
95.4%
Colts
92.7%
Pacers
92.7%
Braves
92.5%
Falcons
92.5%
Hawks
92.5%
Blues
91.4%
Chiefs
91.4%
Cardinals
91.4%
Grizzlies
91.4%
Predators
91.4%
Rams
91.4%
Royals
91.4%
Titans
91.4%
Bears
91.1%
Blackhawks
91.1%
Bulls
91.1%
Cubs
91.1%
White Sox
91.1%
Bengals
90%
Blue Jackets
90%
Browns
90%
Buccaneers
90%
Dolphins
90%
Heat
90%
Jaguars
90%
Lightning
90%
Magic
90%
Marlins
90%
Panthers
90%
Rays
90%
Reds
90%
Lions
89.8%
Pistons
89.8%
Red Wings
89.8%
% Correct
Tigers
89.8%
Cavaliers
88.7%
Indians
88.7%
Astros
88.4%
Cowboys
88.4%
Mavericks
88.4%
Rangers
88.4%
Rockets
88.4%
Spurs
88.4%
Stars
88.4%
Texans
88.4%
Hornets
85.4%
Saints
85.4%
Jazz
82.7%
Bobcats
82.5%
Hurricanes
82.5%
Panthers
82.5%
Brewers
81.9%
Bucks
81.9%
Packers
81.9%
Timberwolves
76%
Twins
76%
Vikings
76%
Wild
76%
Avalanche
72%
Broncos
72%
Nuggets
72%
Rockies
72%
Capitals
68.5%
Nationals
68.5%
Orioles
68.5%
Ravens
68.5%
Redskins
68.5%
Wizards
68.5%
Jets
68.2%
Canucks
67.4%
Mariners
66.8%
Seahawks
66.8%
Flames
44.5%
Oilers
44.5%

You're not logged in!

Compare scores with friends on all Sporcle quizzes.
OR
Log In

From the Vault

4 to 13 Letter 'L' Places

by FilipinoBreloom

Where the 'L' are we, anyway?
Remove Ads.
Support Sporcle.
Get the best of Sporcle when you Go Orange. This ad-free experience offers more features, more stats, and more fun while also helping to support Sporcle. Thank you for becoming a member.

Show Comments

Extras

Top Quizzes Today


Score Distribution

Your Account Isn't Verified!

In order to create a playlist on Sporcle, you need to verify the email address you used during registration. Go to your Sporcle Settings to finish the process.

Report this User

Report this user for behavior that violates our Community Guidelines.

Details: